[Event "Brasschaat op 11th"]
[Site "Brasschaat"]
[Date "2011.08.22"]
[Round "3"]
[White "Dgebuadze, Alexandre"]
[Black "Gorshkov, Leonid"]
[Result "1-0"]
[WhiteElo "2522"]
[BlackElo "2062"]
[PlyCount "65"]
[EventDate "2011.08.20"]
[EventType "swiss"]
[EventRounds "9"]
[EventCountry "BEL"]
[SourceTitle "CBM 144 Extra"]
[Source "ChessBase"]
[SourceDate "2011.10.28"]
[SourceVersion "1"]
[SourceVersionDate "2011.10.28"]
[SourceQuality "1"]

1. d4 c6 2. e4 d6 3. Nc3 Qc7 4. g3 g6 5. Bg2 Bg7 6. h3 h6 7. Be3 Nf6 8. Qd2 a6 9. a4 b6 10. Nf3 e5 11. 0-0 Be6 12. Rfd1 Nbd7 13. Qe2 Nf8 14. b4 g5 15. dxe5 dxe5 16. a5 b5 17. Bb6 Qe7 18. Bc5 Qb7 19. Nxe5 N6d7 20. Nxd7 Nxd7 21. Bd4 Bxd4 22. Rxd4 0-0 23. e5 Qc7 24. Rd6 Rac8 25. Ne4 Kg7 26. Nc5 Nxc5 27. bxc5 Qe7 28. Rad1 Rc7 29. R1d4 Bc4 30. Qe3 Rfc8 31. h4 Be6 32. Bf3 Bf5 33. hxg5 1-0

[Event "Geraardsbergen op 25th"]
[Site "Geraardsbergen"]
[Date "2009.08.14"]
[Round "5"]
[White "Gorshkov, Leonid"]
[Black "Achtergaele, Koen"]
[Result "1-0"]
[WhiteElo "2108"]
[BlackElo "2021"]
[PlyCount "54"]
[EventDate "2009.08.12"]
[EventType "swiss"]
[EventRounds "9"]
[EventCountry "BEL"]
[SourceTitle "CBM 132 Extra"]
[Source "ChessBase"]
[SourceDate "2009.11.03"]
[SourceVersion "1"]
[SourceVersionDate "2009.11.03"]
[SourceQuality "1"]

1. e4 e5 2. Nf3 Nf6 3. d4 Nxe4 4. Bd3 d5 5. dxe5 Nc6 6. Nc3 Bb4 7. 0-0 Nxc3 8. bxc3 Bxc3 9. Rb1 Bg4 10. Bf4 Nd4 11. Rxb7 Nxf3+ 12. gxf3 Bh3 13. Bb5+ Kf8 14. Bc6 Bxf1 15. Qxf1 Bd4 16. Rb5 Bb6 17. Rxd5 Qc8 18. Bxa8 Qxa8 19. Qd3 c6 20. Rd7 Qe8 21. Qd6+ Kg8 22. Rb7 g5 23. Rb8 Qxb8 24. Qxb8+ Kg7 25. Qd6 gxf4 26. Qf6+ Kg8 27. Qxf4 Kf8 1-0

[Event "Ghent Taminco op 32nd"]
[Site "Ghent"]
[Date "2009.07.19"]
[Round "3"]
[White "Gorshkov, Leonid"]
[Black "Sadkowsky, Daniel"]
[Result "1-0"]
[WhiteElo "2108"]
[BlackElo "2277"]
[PlyCount "89"]
[EventDate "2009.07.18"]
[EventType "swiss"]
[EventRounds "9"]
[EventCountry "BEL"]
[SourceTitle "CBM 131 Extra"]
[Source "ChessBase"]
[SourceDate "2009.09.03"]
[SourceVersion "2"]
[SourceVersionDate "2009.09.16"]
[SourceQuality "1"]

1. g3 d5 2. Bg2 e5 3. d3 Nf6 4. Nf3 Bd6 5. 0-0 0-0 6. Nbd2 Re8 7. e4 c6 8. b3 Bg4 9. h3 Bh5 10. Bb2 Nbd7 11. Re1 d4 12. g4 Bg6 13. Nf1 Bb4 14. Re2 Nf8 15. a3 Ba5 16. b4 Bc7 17. Bc1 Ne6 18. Ng3 a5 19. Rb1 axb4 20. axb4 Nd7 21. Nf5 Nb6 22. Bd2 Na4 23. Rb3 f6 24. Re1 Bf7 25. Ra3 b5 26. Qa1 Rc8 27. Bf1 Bb6 28. Rc1 c5 29. c4 dxc3 30. Bxc3 Nxc3 31. Raxc3 Ra8 32. Qb2 cxb4 33. Rc6 b3 34. Nd6 Ra2 35. Qxb3 Rxf2 36. d4 Rxf3 37. Qxb5 Bxd4+ 38. Kh1 Qd7 39. Nxe8 Rxf1+ 40. Qxf1 Bxe8 41. Rc8 Kf7 42. Qc4 Qb7 43. Qd5 Qb2 44. R8c7+ Kg6 45. Qxe6 1-0

[Event "BEL-ch op"]
[Site "Namur"]
[Date "2009.07.11"]
[Round "8"]
[White "Gorshkov, Leonid"]
[Black "Goossens, Hanne"]
[Result "0-1"]
[WhiteElo "2117"]
[BlackElo "1948"]
[PlyCount "82"]
[EventDate "2009.07.04"]
[EventType "swiss"]
[EventRounds "9"]
[EventCountry "BEL"]
[SourceTitle "EXT 2010"]
[Source "ChessBase"]
[SourceDate "2010.11.25"]
[SourceVersion "1"]
[SourceVersionDate "2010.11.25"]
[SourceQuality "1"]

1. Nf3 d6 2. d4 f5 3. g3 g6 4. Bg2 Nf6 5. c4 Bg7 6. 0-0 0-0 7. b3 Qe8 8. Bb2 Nbd7 9. Nc3 e5 10. Nb5 Qd8 11. dxe5 Ne4 12. Rb1 a6 13. e6 Ndc5 14. Nbd4 Nxe6 15. e3 Qe7 16. Qc2 Re8 17. Rbd1 Bd7 18. Nd2 N4c5 19. N2f3 a5 20. Ba3 Rab8 21. Ne1 Kh8 22. Nd3 Nxd3 23. Qxd3 b6 24. Ne2 Bc6 25. Nf4 Nc5 26. Bxc5 Bxg2 27. Bxd6 Bxf1 28. Qxf1 cxd6 29. a4 Be5 30. Nd5 Qf7 31. f4 Bf6 32. h4 h6 33. Qd3 Re4 34. Kf2 g5 35. hxg5 hxg5 36. Rh1+ Kg7 37. g4 Qe6 38. gxf5 Qxf5 39. Ke1 gxf4 40. Rg1+ Kf7 41. Kd1 Rd4 0-1

[Event "BEL-ch op"]
[Site "Namur"]
[Date "2009.07.07"]
[Round "4"]
[White "Van Melkebeke, Willem"]
[Black "Gorshkov, Leonid"]
[Result "0-1"]
[WhiteElo "1908"]
[BlackElo "2117"]
[PlyCount "66"]
[EventDate "2009.07.04"]
[EventType "swiss"]
[EventRounds "9"]
[EventCountry "BEL"]
[SourceTitle "EXT 2010"]
[Source "ChessBase"]
[SourceDate "2010.11.25"]
[SourceVersion "1"]
[SourceVersionDate "2010.11.25"]
[SourceQuality "1"]

1. Nc3 c5 2. Nf3 d6 3. d4 cxd4 4. Nxd4 a6 5. g3 Nf6 6. Bg2 e6 7. Bg5 Be7 8. 0-0 Qc7 9. e4 Nc6 10. Re1 Bd7 11. Kh1 Rc8 12. f4 0-0 13. Nxc6 Bxc6 14. g4 b5 15. a3 a5 16. Bxf6 Bxf6 17. g5 Be7 18. Qh5 g6 19. Qh4 b4 20. Re3 bxc3 21. Rxc3 h5 22. Rg1 Qb7 23. f5 exf5 24. exf5 Bxg2+ 25. Rxg2 Rxc3 26. bxc3 Qd5 27. f6 Rb8 28. Qe1 Bf8 29. Kg1 Qc5+ 30. Kh1 Qd5 31. Kg1 Qa2 32. Qe2 d5 33. h3 Qa1+ 0-1

[Event "BEL-chT 0809"]
[Site "Belgium"]
[Date "2009.01.04"]
[Round "6.6"]
[White "De Haan, Eric"]
[Black "Gorshkov, Leonid"]
[Result "1-0"]
[WhiteElo "2320"]
[BlackElo "2030"]
[PlyCount "113"]
[EventDate "2008.10.05"]
[EventType "team-tourn"]
[EventRounds "11"]
[EventCountry "BEL"]
[SourceTitle "EXT 2010"]
[Source "ChessBase"]
[SourceDate "2010.11.25"]
[SourceVersion "1"]
[SourceVersionDate "2010.11.25"]
[SourceQuality "1"]
[WhiteTeam "Borgerhout"]
[BlackTeam "KGRSL"]
[WhiteTeamCountry "BEL"]
[BlackTeamCountry "BEL"]

1. d4 d5 2. c4 e5 3. dxe5 d4 4. Nf3 Nc6 5. g3 Nge7 6. Bg2 Ng6 7. Bg5 Qd7 8. e6 Bb4+ 9. Bd2 Bxd2+ 10. Qxd2 fxe6 11. 0-0 e5 12. Ng5 Qe7 13. Bd5 Nd8 14. h4 c6 15. Be4 Nf7 16. Nxf7 Qxf7 17. Qg5 Qf6 18. Qh5 0-0 19. Nd2 Bf5 20. Bxf5 Qxf5 21. Qxf5 Rxf5 22. Ne4 Rd8 23. Rad1 Nf8 24. Rd3 Ne6 25. Ra3 a6 26. b4 g5 27. hxg5 Nxg5 28. g4 Nxe4 29. gxf5 Nd6 30. Rg3+ Kf7 31. Rh3 Nxc4 32. Rxh7+ Kf6 33. Rd1 Kxf5 34. Rxb7 e4 35. Rh7 Nb2 36. Rd2 Nc4 37. Rd1 Nb2 38. Rb1 d3 39. Rxb2 d2 40. Rxd2 Rxd2 41. Rh5+ Kf4 42. e3+ Kf3 43. Rf5+ Ke2 44. a3 Ra2 45. Rf4 Kd3 46. Rf6 Rc2 47. Rd6+ Ke2 48. Kg2 Ke1 49. Rf6 Ke2 50. Kg3 Rc4 51. Rf5 Rc3 52. Ra5 Rc1 53. Rxa6 c5 54. bxc5 Rxc5 55. Ra4 Rf5 56. Rxe4 Rxf2 57. Rf4 1-0

[Event "BEL-chT 0809"]
[Site "Belgium"]
[Date "2008.11.23"]
[Round "4.8"]
[White "Dal Borgo, Albin"]
[Black "Gorshkov, Leonid"]
[Result "1-0"]
[WhiteElo "2196"]
[BlackElo "2030"]
[PlyCount "61"]
[EventDate "2008.10.05"]
[EventType "team-tourn"]
[EventRounds "11"]
[EventCountry "BEL"]
[SourceTitle "CBM 127 Extra"]
[Source "ChessBase"]
[SourceDate "2009.01.08"]
[SourceVersion "2"]
[SourceVersionDate "2009.01.28"]
[SourceQuality "1"]
[WhiteTeam "Liege Crelel"]
[BlackTeam "KGRSL"]
[WhiteTeamCountry "BEL"]
[BlackTeamCountry "BEL"]

1. d4 g6 2. e4 Bg7 3. Nc3 d6 4. f4 Nf6 5. a3 0-0 6. Nf3 Nc6 7. e5 dxe5 8. fxe5 Nh5 9. Ne4 Bg4 10. c3 f6 11. Bc4+ Kh8 12. exf6 exf6 13. 0-0 Qe7 14. Nf2 Bxf3 15. Qxf3 f5 16. Bd2 Rae8 17. Rae1 Qd8 18. Bd5 Qd6 19. Bxc6 bxc6 20. Nd3 a5 21. Nc5 h6 22. Nb7 Qd7 23. Nxa5 c5 24. Qc6 Rd8 25. Qxg6 Qf7 26. Qxf7 Rxf7 27. Nc6 Rg8 28. Ne5 Nf6 29. dxc5 Kh7 30. Be3 f4 31. Bd4 1-0